000 00689nam a2200217 a 4500
001 BRCA_7696
005 20190320205941.0
008 230813s1890----gw-a######---#000-0#ger-#
041 _ager
044 _agw
050 4 _aNK7150
_b.H44 1890
100 1 _aHefner-Alteneck, J. H. von
_919018
245 1 0 _aDeutsche Goldschmiede-Werke
_bdes sechzehnten jahrhunderts
_cvon J. H. von Hefner-Alteneck.
260 _aFrankfurt, Alemania
_bH. Keller
_c1890
300 _a18 p.
_bil. a color, 30 láminas
_c35 cm.
500 _aU33
650 1 4 _aOrfebrería
_vColeccionistas y colecciones
_zAlemania
_919019
650 1 4 _aOrfebrería
_ySiglo XVI
_zAlemania
_919020
902 _aGFM
942 _2lcc
_cB
999 _c7370
_d7370